000 01685cam a22002294a 4500
005 20250605164239.0
008 250528s ||||||||||||||||||||||||d
035 _a21256
020 _a9789603947752
040 _aGR-AtMCL
_bgre
_dGR-AtMCL
_eAACR2
245 1 _aΕισαγωγή στην Υποστηρικτική Ψυχοθεραπεία
250 _a
260 _bΕκδόσεις Παρισιάνου,
_c2004
300 _a178
520 _aΈνας αξιόπιστος οδηγός για την εκμάθηση και την εξάσκηση στην υποστηρικτική ψυχοθεραπεία. Εισαγωγή στις Βασικές Ικανότητες Επάρκειας για την Επιτέλεση των Ψυχοθεραπευτικών Συνεδριών, Εισαγωγή, Βασικές Αρχές της Υποστηρικτικής Ψυχοθεραπείας, Στόχοι και Τρόποι Δράσης, Παρεμβάσεις (Τι να Πείτε), Εκτίμηση και Θεραπευτική Διαχείριση Περιστατικού και Καθορισμός Στόχου και Έκβαση της Έρευνας, Γενικό Πλαίσιο της Υποστηρικτικής Ψυχοθεραπείας, Η Θεραπευτική Σχέση, Παρέμβαση στη Κρίση, Εφαρμογή σε Ειδικούς Πληθυσμούς, Αξιολογώντας την Επάρκεια, Βιβλιογραφία, Ευρετήριο.
700 1 _aPinsker Henry M.D
_97290
700 1 _aRosenthal Richard N. M.D
_97291
700 1 _aWinston Arnold M.D
_97292
942 _cBK
999 _c6323
_d6323